Statistics for 2022 FIFA World Cup Group A - Senegal - Netherlands

Click here to take the quiz!

General Stats

  • This quiz has been taken 86 times
  • The average score is 21 of 32

Answer Stats

Player% Correct
Virgil van Dijk
95%
Frenkie de Jong
92%
Édouard Mendy
91%
Memphis Depay
91%
Nampalys Mendy
91%
Kalidou Koulibaly
89%
Matthijs de Ligt
88%
Denzel Dumfries
86%
Daley Blind
84%
Cody Gakpo ¹
83%
Nathan Aké
83%
Boulaye Dia
77%
Ismaïla Sarr
75%
Louis van Gaal
73%
Idrissa Gueye
72%
Pape Gueye
70%
Steven Berghuis
66%
Andries Noppert
64%
Steven Bergwijn
64%
Aliou Cissé
61%
Davy Klaassen ¹
61%
Pape Abou Cissé
61%
Abdou Diallo
56%
Marten de Roon
55%
Youssouf Sabaly
53%
Krépin Diatta
47%
Teun Koopmeiners
45%
Cheikhou Kouyaté
44%
Vincent Janssen
44%
Ismail Jakobs
34%
Bamba Dieng
28%
Nicolas Jackson
25%

Score Distribution

Percentile by Number Answered

Percent of People with Each Score

Your Score History

You have not taken this quiz